00349nam a2200145Ia 4500008004100000020001800041050001600059100001900075245003100094245002200125260001800147260001300165260000900178300001600187170918s9999 xx 000 0 und d a9789715185011 bL618ph 2011 aLeroux, Gaston 4aThe phantom of the opera / cby Gaston Leroux. aPhilippines : bLampara, c2011 a125 pages :